Mikroekonómia
Guardado en:
| Autor principal: | |
|---|---|
| Otros Autores: | , , , , |
| Formato: | Libro |
| Lenguaje: | eslovaco |
| Publicado: |
Zvolen
Technická univerzita vo Zvolene
2009
|
| Materias: | |
| Etiquetas: |
Sin Etiquetas, Sea el primero en etiquetar este registro!
|
MARC
| LEADER | 00000nam$a2200000$$$4500 | ||
|---|---|---|---|
| 001 | 0111254 | ||
| 005 | 20240502072230.5 | ||
| 020 | |a 978-80-228-2069-1 | ||
| 041 | 0 | |a slo | |
| 044 | |a SK | ||
| 245 | 1 | 0 | |a Mikroekonómia |c Jaroslav Šálka ... [et al.] |
| 264 | 1 | |a Zvolen |b Technická univerzita vo Zvolene |c 2009 | |
| 300 | |a 174 s. [12,36 AH] | ||
| 610 | 2 | 0 | |a mikroekonomika |
| 610 | 2 | 0 | |a ekonómia |
| 610 | 2 | 0 | |a trh |
| 610 | 2 | 0 | |a dopyt |
| 610 | 2 | 0 | |a ponuka |
| 610 | 2 | 0 | |a užitočnosť výrobkov |
| 610 | 2 | 0 | |a teória úžitku |
| 610 | 2 | 0 | |a spotrebitelia |
| 610 | 2 | 0 | |a produkcia |
| 610 | 2 | 0 | |a analýza nákladov |
| 610 | 2 | 0 | |a rovnováha |
| 610 | 2 | 0 | |a konkurencia |
| 610 | 2 | 0 | |a faktory výrobné |
| 610 | 2 | 0 | |a dôchodky |
| 100 | 1 | |a Šálka, Jaroslav | |
| 700 | 1 | |a Holková, Vieroslava | |
| 700 | 1 | |a Balážová, Emília | |
| 700 | 1 | |a Sujová, Andrea | |
| 700 | 1 | |a Holécy, Ján | |
| 700 | 1 | |a Táncošová, Judita | |